[Event "Barcelona Catalunya op 26th"]
[Site "Barcelona"]
[Date "2014.11.15"]
[Round "7"]
[White "Martinez Arranz, Leire"]
[Black "Garcia Ramos, Anais"]
[Result "1-0"]
[WhiteElo "1853"]
[BlackElo "1792"]
[PlyCount "41"]
[EventDate "2014.09.27"]
[EventType "swiss"]
[EventRounds "9"]
[EventCountry "ESP"]
[SourceTitle "EXT 2017"]
[Source "ChessBase"]
[SourceDate "2016.10.25"]
[SourceVersion "1"]
[SourceVersionDate "2016.10.25"]
[SourceQuality "1"]

1. e4 c6 2. d4 d5 3. e5 Bf5 4. Nc3 e6 5. a3 c5 6. Bb5+ Nc6 7. Nf3 h6 8. dxc5 Bxc5 9. Be3 Bxe3 10. fxe3 a6 11. Ba4 b5 12. Bb3 Bg4 13. 0-0 Nxe5 14. Qd4 Bxf3 15. Qxe5 Be4 16. Nxe4 dxe4 17. Qxg7 Qg5 18. Qxf7+ Kd8 19. Rad1+ Kc8 20. Qd7+ Kb8 21. Rf8+ 1-0

[Event "Barcelona Catalunya op 26th"]
[Site "Barcelona"]
[Date "2014.10.11"]
[Round "3"]
[White "Martinez Arranz, Leire"]
[Black "March Mari, Josep"]
[Result "1/2-1/2"]
[WhiteElo "1853"]
[BlackElo "1727"]
[PlyCount "81"]
[EventDate "2014.09.27"]
[EventType "swiss"]
[EventRounds "9"]
[EventCountry "ESP"]
[SourceTitle "EXT 2017"]
[Source "ChessBase"]
[SourceDate "2016.10.25"]
[SourceVersion "1"]
[SourceVersionDate "2016.10.25"]
[SourceQuality "1"]

1. e4 c5 2. Nf3 Nc6 3. d4 cxd4 4. Nxd4 e5 5. Nb3 Nf6 6. Nc3 Bb4 7. Bd3 d5 8. exd5 Nxd5 9. Bd2 Bxc3 10. bxc3 0-0 11. Be4 Nf6 12. Bxc6 bxc6 13. Bg5 Qxd1+ 14. Rxd1 Ne4 15. Bd2 Ba6 16. f3 Nxd2 17. Rxd2 Rad8 18. Rxd8 Rxd8 19. Kf2 Bc4 20. Ke3 Bxb3 21. cxb3 Kf8 22. Ke2 Ke7 23. Rd1 Rxd1 24. Kxd1 Kd6 25. Kd2 a5 26. Ke3 f5 27. g3 g5 28. c4 h6 29. Kd3 Kc5 30. a3 Kd6 31. h3 h5 32. g4 hxg4 33. hxg4 fxg4 34. fxg4 c5 35. Ke4 Ke6 36. a4 Kf6 37. Kd5 e4 38. Kxe4 Ke6 39. Kd3 Ke5 40. Ke3 Kf6 41. Kd3 1/2-1/2

[Event "Llinars del Valles op-B 8th"]
[Site "Llinars del Valles"]
[Date "2014.05.31"]
[Round "5"]
[White "Calvo Lopez, Julio Jose"]
[Black "Martinez Arranz, Leire"]
[Result "1/2-1/2"]
[WhiteElo "1700"]
[BlackElo "1809"]
[PlyCount "134"]
[EventDate "2014.04.26"]
[EventType "swiss"]
[EventRounds "8"]
[EventCountry "ESP"]
[SourceTitle "EXT 2015"]
[Source "ChessBase"]
[SourceDate "2014.11.20"]
[SourceVersion "1"]
[SourceVersionDate "2014.11.20"]
[SourceQuality "1"]

1. e4 e5 2. Nf3 Nc6 3. Bb5 a6 4. Ba4 Nf6 5. Qe2 Bc5 6. c3 d6 7. d4 exd4 8. Nxd4 Bxd4 9. cxd4 b5 10. Bb3 Nxd4 11. Qe3 Nxb3 12. axb3 Qe7 13. Nc3 0-0 14. 0-0 Bb7 15. Nd5 Nxd5 16. exd5 Qxe3 17. Bxe3 Bxd5 18. b4 Rfe8 19. Rfe1 Re4 20. Bd2 Rae8 21. f3 Rxe1+ 22. Bxe1 Bb7 23. Kf2 Re5 24. Rc1 c6 25. Rd1 d5 26. Bc3 Re6 27. Bd4 g6 28. h3 Kf8 29. f4 Re4 30. Kf3 h5 31. g4 hxg4+ 32. hxg4 Bc8 33. g5 Bf5 34. Bc3 Rc4 35. Bd4 Be4+ 36. Ke3 Ke8 37. Bc3 c5 38. bxc5 Rxc5 39. Ra1 Rc6 40. Kd4 Kd7 41. Rc1 b4 42. Bd2 Rxc1 43. Bxc1 b3 44. Ke5 Ke8 45. Kd4 Kd7 46. Ke5 Ke7 47. Kd4 Kd6 48. Kc3 Bc2 49. Kb4 Kc6 50. Be3 Kd6 51. Bd4 Ke6 52. Ka5 Bd3 53. Kb4 Bc4 54. Kc5 Kf5 55. Be5 Ke4 56. Kd6 d4 57. Kc5 Be6 58. Bxd4 Kxf4 59. Bf6 Ke4 60. Kb4 Kd3 61. Ka5 Bc4 62. Kb6 Ke4 63. Kc5 Kd3 64. Kb6 Bb5 65. Kc5 Kd2 66. Kb4 Kc2 67. Ka5 Kd3 1/2-1/2

[Event "Llinars del Valles op-B 8th"]
[Site "Llinars del Valles"]
[Date "2014.04.26"]
[Round "1"]
[White "Torregrosa Gonzalez, Iris"]
[Black "Martinez Arranz, Leire"]
[Result "0-1"]
[WhiteElo "1700"]
[BlackElo "1809"]
[PlyCount "92"]
[EventDate "2014.04.26"]
[EventType "swiss"]
[EventRounds "8"]
[EventCountry "ESP"]
[SourceTitle "EXT 2015"]
[Source "ChessBase"]
[SourceDate "2014.11.20"]
[SourceVersion "1"]
[SourceVersionDate "2014.11.20"]
[SourceQuality "1"]

1. e4 e5 2. Nf3 Nc6 3. Nc3 Nf6 4. Bc4 Nxe4 5. Qe2 Nxc3 6. dxc3 d6 7. Ng5 d5 8. Bb5 Bd6 9. Qh5 Qf6 10. Nxh7 Qd8 11. Nf6+ Ke7 12. Nxd5+ Kd7 13. Qxf7+ Be7 14. Qxg7 Rg8 15. Qxe5 Rxg2 16. Bf4 Qg8 17. Kf1 Bd6 18. Nf6+ Kd8 19. Nxg8 Bxe5 20. Kxg2 Bxf4 21. Rad1+ Ke8 22. Rhe1+ Kf7 23. Bc4+ Kg7 24. Ne7 Bg4 25. f3 Bh5 26. Rd7 Ne5 27. Rdd1 Bxf3+ 28. Kf2 Bxd1 29. Rxd1 Nxc4 30. Rd4 Be3+ 31. Kg3 Bxd4 32. Nf5+ Kf6 33. Nxd4 Nxb2 34. Kg4 Rg8+ 35. Kh5 Rh8+ 36. Kg4 Rxh2 37. Nb5 Rxc2 38. Kf4 c6 39. Nxa7 Rxc3 40. Ke4 Rc4+ 41. Ke3 Kf5 42. Nc8 Ke5 43. Kd2 Kd4 44. Nd6 Rc5 45. Ke2 Re5+ 46. Kd2 Nc4+ 0-1

[Event "Llinars del Valles op-B 7th"]
[Site "Llinars del Valles"]
[Date "2013.05.18"]
[Round "5"]
[White "Martinez Arranz, Leire"]
[Black "Salagran Ferragut, Eduard"]
[Result "0-1"]
[WhiteElo "1373"]
[BlackElo "1559"]
[PlyCount "88"]
[EventDate "2013.04.13"]
[EventType "swiss"]
[EventRounds "7"]
[EventCountry "ESP"]
[SourceTitle "CBM 154 Extra"]
[Source "ChessBase"]
[SourceDate "2013.06.25"]
[SourceVersion "2"]
[SourceVersionDate "2013.06.25"]
[SourceQuality "1"]

1. e4 c5 2. Nf3 Nc6 3. Bc4 Nf6 4. d3 d6 5. h3 a6 6. a3 b5 7. Ba2 e6 8. 0-0 Be7 9. Nc3 0-0 10. Bf4 Nd7 11. Re1 Nde5 12. Bxe5 dxe5 13. Ne2 Bf6 14. c3 a5 15. c4 b4 16. axb4 axb4 17. Bb3 Bd7 18. Ba4 Qc7 19. Bxc6 Bxc6 20. Rxa8 Rxa8 21. Ng3 g6 22. Qd2 Qd8 23. b3 Ra3 24. Qb2 Qxd3 25. Re3 Qd1+ 26. Re1 Qxb3 27. Qxb3 Rxb3 28. Rd1 Rc3 29. Rd6 Be8 30. Rb6 Rxc4 31. Nd2 Rc2 32. Ngf1 Bg5 33. Rb8 Kf8 34. Rc8 Bxd2 35. Nxd2 Rxd2 36. Rxc5 b3 37. Rc1 b2 38. Rb1 Rc2 39. Kh2 Rxf2 40. Kg3 Rc2 41. Kf3 f5 42. exf5 exf5 43. g3 Bc6+ 44. Ke3 Be4 0-1

[Event "Catalunya-ch (Women) 71st"]
[Site "Tarragona"]
[Date "2013.04.01"]
[Round "5"]
[White "Martinez Arranz, Leire"]
[Black "Muratet Carmona, Alexandra"]
[Result "0-1"]
[WhiteElo "1373"]
[BlackElo "1708"]
[PlyCount "46"]
[EventDate "2013.03.29"]
[EventType "swiss"]
[EventRounds "5"]
[EventCountry "ESP"]
[SourceTitle "EXT 2015"]
[Source "ChessBase"]
[SourceDate "2014.11.20"]
[SourceVersion "1"]
[SourceVersionDate "2014.11.20"]
[SourceQuality "1"]

1. e4 c5 2. Nf3 Nc6 3. Bc4 e6 4. Nc3 a6 5. a3 b5 6. Ba2 Bb7 7. d3 Qc7 8. Be3 Nf6 9. d4 b4 10. axb4 cxb4 11. Ne2 Nxe4 12. d5 Ne7 13. dxe6 dxe6 14. 0-0 Ng6 15. Bb3 Bd6 16. h3 0-0 17. Re1 Rfd8 18. Qc1 Nf6 19. Rd1 Bxf3 20. gxf3 Nh4 21. f4 Qc6 22. Kf1 Qg2+ 23. Ke1 Nf3# 0-1

[Event "Catalunya-ch (Women) 71st"]
[Site "Tarragona"]
[Date "2013.03.31"]
[Round "4"]
[White "Martin Dinares, Laura"]
[Black "Martinez Arranz, Leire"]
[Result "1-0"]
[WhiteElo "1565"]
[BlackElo "1373"]
[PlyCount "131"]
[EventDate "2013.03.29"]
[EventType "swiss"]
[EventRounds "5"]
[EventCountry "ESP"]
[SourceTitle "EXT 2015"]
[Source "ChessBase"]
[SourceDate "2014.11.20"]
[SourceVersion "1"]
[SourceVersionDate "2014.11.20"]
[SourceQuality "1"]

1. e4 e5 2. Nf3 Nc6 3. Bb5 a6 4. Ba4 Nf6 5. d3 h6 6. Bxc6 dxc6 7. Nxe5 Bd6 8. Nf3 Bg4 9. Nbd2 0-0 10. 0-0 Re8 11. a3 Qd7 12. b3 Qe7 13. Bb2 Bf4 14. Qe1 Rad8 15. Rb1 Nd7 16. h3 Bh5 17. Nd4 Bg6 18. N2f3 c5 19. Ne2 Bd6 20. Qd2 Bh5 21. Ne1 Be5 22. Ng3 Bg6 23. Nf3 Bxb2 24. Rxb2 Ne5 25. Nxe5 Qxe5 26. Rbb1 Rf8 27. f4 Qe7 28. f5 Bh7 29. Rf4 Qe5 30. Rg4 Rd6 31. Nh5 g5 32. Rf1 b5 33. Nf4 c4 34. bxc4 bxc4 35. h4 f6 36. hxg5 fxg5 37. Rf3 Qa1+ 38. Kf2 Qxa3 39. Rh3 cxd3 40. Rxd3 Rxd3 41. Qxd3 Qxd3 42. cxd3 a5 43. Ne6 Rf7 44. Rg3 a4 45. d4 c6 46. Ra3 Ra7 47. Nc5 Kf7 48. Rxa4 Rxa4 49. Nxa4 Ke7 50. Nc5 Bg8 51. g4 Kd6 52. Ke3 Bf7 53. Nb7+ Kc7 54. Nc5 Kd6 55. Nd3 Kc7 56. e5 Be8 57. Nc5 Kc8 58. Ke4 Kc7 59. Ne6+ Kc8 60. d5 cxd5+ 61. Kxd5 Bf7 62. Kd6 Bxe6 63. Kxe6 Kd8 64. Kf7 Kd7 65. e6+ Kd6 66. e7 1-0

[Event "Catalunya-ch (Women) 71st"]
[Site "Tarragona"]
[Date "2013.03.30"]
[Round "3"]
[White "Martinez Arranz, Leire"]
[Black "Muratet Carmona, Julia"]
[Result "0-1"]
[WhiteElo "1373"]
[BlackElo "1737"]
[PlyCount "90"]
[EventDate "2013.03.29"]
[EventType "swiss"]
[EventRounds "5"]
[EventCountry "ESP"]
[SourceTitle "EXT 2015"]
[Source "ChessBase"]
[SourceDate "2014.11.20"]
[SourceVersion "1"]
[SourceVersionDate "2014.11.20"]
[SourceQuality "1"]

1. e4 e5 2. Nf3 Nc6 3. Bc4 Bc5 4. c3 Nf6 5. d4 exd4 6. cxd4 Bb4+ 7. Nc3 Nxe4 8. 0-0 Bxc3 9. bxc3 0-0 10. Qc2 d5 11. Bd3 Re8 12. Re1 Nf6 13. Bg5 Be6 14. Bxh7+ Kf8 15. Bd3 Qd6 16. Bxf6 gxf6 17. Nh4 Qf4 18. Bf5 Qxh4 19. Bxe6 fxe6 20. Qg6 Qg5 21. Qxg5 fxg5 22. Re3 Re7 23. Rae1 Rae8 24. Rg3 Rg7 25. Rge3 Kf7 26. Rf3+ Kg6 27. Rfe3 Rge7 28. Rg3 e5 29. dxe5 Rxe5 30. Rxe5 Rxe5 31. f4 Rf5 32. fxg5 Rxg5 33. Rxg5+ Kxg5 34. Kf2 Kf4 35. g3+ Ke4 36. Ke2 Ne5 37. h3 Nf3 38. h4 d4 39. cxd4 Nxd4+ 40. Kd2 Kf3 41. h5 Nf5 42. Kd3 Kxg3 43. Ke4 Kg4 44. Ke5 Nh6 45. Kd5 Kxh5 0-1

[Event "Catalunya-ch (Women) 71st"]
[Site "Tarragona"]
[Date "2013.03.29"]
[Round "2"]
[White "Arno Bendicho, Xenia"]
[Black "Martinez Arranz, Leire"]
[Result "1-0"]
[WhiteElo "1609"]
[BlackElo "1373"]
[PlyCount "55"]
[EventDate "2013.03.29"]
[EventType "swiss"]
[EventRounds "5"]
[EventCountry "ESP"]
[SourceTitle "EXT 2015"]
[Source "ChessBase"]
[SourceDate "2014.11.20"]
[SourceVersion "1"]
[SourceVersionDate "2014.11.20"]
[SourceQuality "1"]

1. c4 e5 2. Nc3 Nf6 3. g3 Nc6 4. Bg2 d6 5. e3 Be7 6. Nge2 0-0 7. 0-0 Be6 8. b3 Qd7 9. d4 exd4 10. Nxd4 Nxd4 11. Qxd4 c6 12. Bb2 d5 13. cxd5 Nxd5 14. Nxd5 f6 15. Nxe7+ Qxe7 16. Rfd1 Rfd8 17. Qe4 Rxd1+ 18. Rxd1 Qf7 19. Ba3 Re8 20. Qd4 a6 21. Qb6 h6 22. Rd8 Rxd8 23. Qxd8+ Kh7 24. Be4+ g6 25. Bb2 Bd5 26. Bxd5 Qxd5 27. Qxd5 cxd5 28. Bxf6 1-0

[Event "Roncana op-B 6th"]
[Site "Santa Eulalia de Roncana"]
[Date "2012.12.01"]
[Round "8"]
[White "Martinez Arranz, Leire"]
[Black "Las Heras Aixandri, Guillem"]
[Result "0-1"]
[WhiteElo "1353"]
[BlackElo "1567"]
[PlyCount "66"]
[EventDate "2012.10.06"]
[EventType "swiss"]
[EventRounds "8"]
[EventCountry "ESP"]
[SourceTitle "EXT 2024"]
[Source "ChessBase"]
[SourceDate "2023.10.10"]
[SourceVersion "1"]
[SourceVersionDate "2023.10.10"]
[SourceQuality "1"]

1. e4 c5 2. Nf3 e6 3. d4 cxd4 4. Nxd4 Nf6 5. Nc3 Nc6 6. Be3 d5 7. Bb5 Bd7 8. exd5 Nxd4 9. Bxd7+ Qxd7 10. Bxd4 Nxd5 11. 0-0 Rd8 12. Nxd5 Qxd5 13. Bxa7 Qa5 14. Bd4 Bd6 15. Qg4 Rg8 16. Bc3 Qc7 17. Kh1 Be5 18. Qa4+ Ke7 19. Ba5 Qd7 20. Qb4+ Bd6 21. Qh4+ g5 22. Qxh7 Rh8 23. Qe4 Rxh2+ 24. Kg1 Rdh8 25. g3 Qc6 26. Qxc6 bxc6 27. Bd2 f6 28. f4 Bc5+ 29. Rf2 Rxf2 30. Bb4 Rxc2+ 31. Bxc5+ Rxc5 32. fxg5 Rxg5 33. Kg2 Rhg8 0-1

[Event "Roncana op-B 6th"]
[Site "Santa Eulalia de Roncana"]
[Date "2012.11.24"]
[Round "7"]
[White "Maria Oproae, Alex Maria"]
[Black "Martinez Arranz, Leire"]
[Result "0-1"]
[WhiteElo "1505"]
[BlackElo "1353"]
[PlyCount "66"]
[EventDate "2012.10.06"]
[EventType "swiss"]
[EventRounds "8"]
[EventCountry "ESP"]
[SourceTitle "EXT 2024"]
[Source "ChessBase"]
[SourceDate "2023.10.10"]
[SourceVersion "1"]
[SourceVersionDate "2023.10.10"]
[SourceQuality "1"]

1. e4 e5 2. Nf3 Nc6 3. Bc4 Bc5 4. b4 Bxb4 5. c3 Ba5 6. d4 Bxc3+ 7. Nxc3 exd4 8. Nxd4 Ne5 9. Qe2 Qe7 10. 0-0 Qc5 11. Nd5 Nxc4 12. Nb5 Kd8 13. Nbc3 Nf6 14. Bg5 Qd4 15. Nxf6 gxf6 16. Bxf6+ Qxf6 17. Qxc4 c6 18. f4 Rg8 19. Rf3 b5 20. Qf1 Qd4+ 21. Qf2 Qxf2+ 22. Kxf2 a5 23. Rg3 Rxg3 24. hxg3 b4 25. Ne2 Ba6 26. Rh1 Bc4 27. Rxh7 Ke7 28. Nc1 a4 29. e5 b3 30. axb3 axb3 31. Rh1 b2 32. Ne2 Ra1 33. Nc3 Rxh1 0-1

[Event "Llinars del Valles op-B 6th"]
[Site "Llinars del Valles"]
[Date "2012.04.21"]
[Round "2"]
[White "Vegara Gallego, Pere"]
[Black "Martinez Arranz, Leire"]
[Result "0-1"]
[WhiteElo "1753"]
[BlackElo "1296"]
[PlyCount "146"]
[EventDate "2012.04.14"]
[EventType "swiss"]
[EventRounds "9"]
[EventCountry "ESP"]
[SourceTitle "EXT 2013"]
[Source "ChessBase"]
[SourceDate "2012.11.22"]
[SourceVersion "1"]
[SourceVersionDate "2012.11.22"]
[SourceQuality "1"]

1. d4 d5 2. Nf3 Nc6 3. Bf4 Nf6 4. Nbd2 e6 5. e3 a6 6. c3 Be7 7. Bd3 0-0 8. Ne5 Bd7 9. Ndf3 h6 10. 0-0 Bd6 11. Re1 Ne4 12. Rc1 f6 13. Ng6 Rf7 14. c4 Be8 15. cxd5 exd5 16. Bxd6 Qxd6 17. Nf4 Ng5 18. Nxg5 fxg5 19. Ne2 Bd7 20. Ng3 Raf8 21. f3 Nb4 22. Bb1 g6 23. a3 Nc6 24. Qb3 b5 25. Rc5 Ne7 26. Rec1 c6 27. Qc3 h5 28. Qd2 h4 29. Nh1 h3 30. g3 Rxf3 31. Re1 g4 32. Rf1 Qf6 33. Bd3 Bf5 34. Be2 Be4 35. Rcc1 Rxf1+ 36. Rxf1 Qg7 37. Rxf8+ Qxf8 38. Bxg4 Bxh1 39. Bxh3 Be4 40. Bg2 Qf5 41. Bxe4 Qxe4 42. Qc3 Qf3 43. a4 Qd1+ 44. Kg2 Qxa4 45. Kh3 Qc4 46. Qa3 Qf1+ 47. Kh4 Qf5 48. g4 g5+ 49. Kg3 Qh7 50. h3 Qe4 51. Kh2 Ng6 52. Qd6 Nh4 53. Qd8+ Kf7 54. Qd7+ Kf8 55. Qd8+ Qe8 56. Qd6+ Qe7 57. Qh6+ Kg8 58. Qxc6 Qxe3 59. Qxd5+ Kg7 60. Qd7+ Kf6 61. Qd6+ Qe6 62. Qf8+ Kg6 63. Qf2 Qd6+ 64. Kg1 Qf4 65. Qc2+ Kh6 66. Qc6+ Ng6 67. d5 Qg3+ 68. Kf1 Qxh3+ 69. Ke1 Qxg4 70. d6 Qe6+ 71. Kf2 Ne5 72. Qh1+ Kg6 73. Qe4+ Qf5+ 0-1

[Event "Roncana op-C 5th"]
[Site "Santa Eulalia de Roncana"]
[Date "2011.11.26"]
[Round "8"]
[White "Martinez Arranz, Leire"]
[Black "Perez Paredes, Dilan"]
[Result "0-1"]
[WhiteElo "1700"]
[BlackElo "1792"]
[PlyCount "63"]
[EventDate "2011.10.01"]
[EventType "swiss"]
[EventRounds "8"]
[EventCountry "ESP"]
[SourceTitle "EXT 2013"]
[Source "ChessBase"]
[SourceDate "2012.11.22"]
[SourceVersion "1"]
[SourceVersionDate "2012.11.22"]
[SourceQuality "1"]

1. e4 g6 2. d4 Bg7 3. Nf3 d6 4. Bf4 Nf6 5. Nc3 0-0 6. Bc4 Nc6 7. 0-0 e6 8. d5 e5 9. dxc6 bxc6 10. Be3 c5 11. Nd5 Nxd5 12. Bxd5 Rb8 13. Bg5 Qd7 14. Qd2 Rxb2 15. Bh6 Kh8 16. h4 Qg4 17. Ng5 Bxh6 18. Nxf7+ Kg7 19. Nxh6 Qxh4 20. Qc3 Rb6 21. Nf7 c6 22. Nxd6 cxd5 23. Qxe5+ Qf6 24. Qxf6+ Kxf6 25. Nxc8 Rxc8 26. exd5 Rd6 27. Rad1 Rcd8 28. c4 Rb8 29. Rb1 Rbd8 30. Rb7 R6d7 31. Rfb1 Ke5 32. R7b5 0-1